| 000 | 00423nam a22001457a 4500 | ||
|---|---|---|---|
| 005 | 20260306141439.0 | ||
| 008 | 260306b |||||||| |||| 00| 0 eng d | ||
| 020 | _a9798590339495 | ||
| 100 | _aIBRAHIM, MOTASIM | ||
| 245 |
_aIT SUPPORTLEVEL 1 INTERVIEW PREP _b220 QUESTIONS/ANSWERS WINDOWS/APPLE MAC OS |
||
| 260 | _c2021 | ||
| 300 | _a39P. | ||
| 650 | _aCOMPUTER SYSTEMS, ADMINISTRATION AND SUPPORT | ||
| 942 |
_2lcc _cBK |
||
| 999 |
_c216807 _d216807 |
||